<?xml version="1.0" encoding="UTF-8"?>
<record
    xmlns:xsi="http://www.w3.org/2001/XMLSchema-instance"
    xsi:schemaLocation="http://www.loc.gov/MARC21/slim http://www.loc.gov/standards/marcxml/schema/MARC21slim.xsd"
    xmlns="http://www.loc.gov/MARC21/slim">

  <leader>00370nam a22001577a 4500</leader>
  <controlfield tag="005">20250709084813.0</controlfield>
  <controlfield tag="008">250709b        |||||||| |||| 00| 0 eng d</controlfield>
  <datafield tag="020" ind1=" " ind2=" ">
    <subfield code="a">9789348080295</subfield>
  </datafield>
  <datafield tag="082" ind1=" " ind2=" ">
    <subfield code="a">343.09 RAT;1 R</subfield>
  </datafield>
  <datafield tag="100" ind1=" " ind2=" ">
    <subfield code="a">Rattan, Jyoti.</subfield>
  </datafield>
  <datafield tag="245" ind1=" " ind2=" ">
    <subfield code="a">Media law</subfield>
  </datafield>
  <datafield tag="250" ind1=" " ind2=" ">
    <subfield code="a">2nd ed.</subfield>
  </datafield>
  <datafield tag="260" ind1=" " ind2=" ">
    <subfield code="a">New Delhi</subfield>
    <subfield code="b">Bharat Law House</subfield>
    <subfield code="c">2025</subfield>
  </datafield>
  <datafield tag="300" ind1=" " ind2=" ">
    <subfield code="a">351</subfield>
  </datafield>
  <datafield tag="942" ind1=" " ind2=" ">
    <subfield code="c">LL</subfield>
  </datafield>
  <datafield tag="999" ind1=" " ind2=" ">
    <subfield code="c">300434</subfield>
    <subfield code="d">300434</subfield>
  </datafield>
  <datafield tag="952" ind1=" " ind2=" ">
    <subfield code="r">2025-07-09 00:00:00</subfield>
    <subfield code="l">0</subfield>
    <subfield code="o">343.09 RAT;1 R</subfield>
    <subfield code="p">LL4112</subfield>
    <subfield code="t">1</subfield>
    <subfield code="v">542.10</subfield>
    <subfield code="w">2025-07-09</subfield>
    <subfield code="y">LL</subfield>
    <subfield code="1">0</subfield>
    <subfield code="2">ddc</subfield>
    <subfield code="4">0</subfield>
    <subfield code="7">0</subfield>
    <subfield code="8">LAW</subfield>
    <subfield code="0">0</subfield>
    <subfield code="K">272</subfield>
    <subfield code="L">01/04/2025</subfield>
    <subfield code="a">LAW</subfield>
    <subfield code="b">LAW</subfield>
    <subfield code="c">LL</subfield>
    <subfield code="d">2025-04-01</subfield>
    <subfield code="e">MPP House</subfield>
    <subfield code="g">695.00</subfield>
    <subfield code="E">Law</subfield>
    <subfield code="G">Rupees</subfield>
    <subfield code="F">1</subfield>
    <subfield code="V">22</subfield>
  </datafield>
  <datafield tag="952" ind1=" " ind2=" ">
    <subfield code="r">2025-07-09 00:00:00</subfield>
    <subfield code="l">0</subfield>
    <subfield code="o">343.09 RAT;2 R1</subfield>
    <subfield code="p">LL4113</subfield>
    <subfield code="t">2</subfield>
    <subfield code="v">542.10</subfield>
    <subfield code="w">2025-07-09</subfield>
    <subfield code="y">LL</subfield>
    <subfield code="1">0</subfield>
    <subfield code="2">ddc</subfield>
    <subfield code="4">0</subfield>
    <subfield code="7">0</subfield>
    <subfield code="8">LAW</subfield>
    <subfield code="0">0</subfield>
    <subfield code="K">272</subfield>
    <subfield code="L">01/04/2025</subfield>
    <subfield code="a">LAW</subfield>
    <subfield code="b">LAW</subfield>
    <subfield code="c">LL</subfield>
    <subfield code="d">2025-04-01</subfield>
    <subfield code="e">MPP House</subfield>
    <subfield code="g">695.00</subfield>
    <subfield code="E">Law</subfield>
    <subfield code="G">Rupees</subfield>
    <subfield code="F">1</subfield>
    <subfield code="V">22</subfield>
  </datafield>
</record>
